| 000 | 02815cam0 2200577 ib4500 | ||
|---|---|---|---|
| 001 | BY-MA0016-br2344 | ||
| 005 | 20251203153145.0 | ||
| 010 |
^bв переплёте ^d3,00 |
||
| 100 | ^a20251105d1962 m y0rusy50 ca | ||
| 101 | 0 | ^arus | |
| 102 | ^aRU | ||
| 105 | ^aa z 000ay | ||
| 109 | ^ama | ||
| 200 | 1 |
^aРоманы и повести ^fА. Пушкин |
|
| 210 |
^aПетрозаводск ^cКарельское книжное издательство ^d1962 |
||
| 215 |
^a382, [2] с. ^cил. ^d21 см |
||
| 320 | ^aБиблиография в подстрочных примечаниях | ||
| 327 | 1 | ^aСодержание : повести : Повести покойного Ивана Петровича Белкина : Выстрел ; Метель ; Грабовщик ; Станционный смотритель ; Барышня крестьянка ; История села Горюхина ; Рославлев ; Пиковая дама ; Кирджали Египетские ночи ; Путешествие в Арзрум ; романы : Дубровский ; Капитанская дочка | |
| 345 | ^a200 000 экз. | ||
| 464 | 1 |
^12001 ^aАрап Петра Великого |
|
| 464 | 1 |
^12001 ^aПовести покойного Ивана Петровича Белкина |
|
| 464 | 1 |
^12001 ^aИстория селаГорюхина |
|
| 464 | 1 |
^12001 ^aРославлев |
|
| 464 | 1 |
^12001 ^aДубровский |
|
| 464 | 1 |
^12001 ^aПиковая дама |
|
| 464 | 1 |
^12001 ^aКирджали |
|
| 464 | 1 |
^12001 ^aЕгипетские ночи |
|
| 464 | 1 |
^12001 ^aКапитанская дочка |
|
| 464 | 1 |
^12001 ^aПутешествие в Арзрум |
|
| 608 |
^3BY-NLB-ar92012 ^aРОМАН ^2BYGNR |
||
| 608 |
^3BY-NLB-ar23936 ^aПОВЕСТЬ ^2BYGNR |
||
| 686 |
^a84(2=Рус)1 ^2rubbk |
||
| 690 |
^a1 ^2Base ^9BY-HO0027 ^xRSEK |
||
| 700 | 1 |
^3BY-NLB-ar130495 ^aПушкин ^bА. С. ^gАлександр Сергеевич ^cписатель ^f1799—1837 ^4070 |
|
| 801 | 0 |
^aBY ^bBY-MA0016 ^c20240917 ^gpsbo |
|
| 801 | 2 |
^aBY ^bBY-HO0027 ^c20251114 ^gRCR |
|
| 035 | ^a(BY-HO0027)BY-MA0016-br2344 | ||
| 899 | 0 |
^aBY-HO0027 ^iП 91 |
|